| 000 | 00607nam a2200193 i 4500 | ||
|---|---|---|---|
| 001 | 100379 | ||
| 003 | ES-MaACL | ||
| 005 | 20250331063101.0 | ||
| 007 | t| | ||
| 008 | 050926s1974 ag ||||1| spa d | ||
| 100 | 1 |
_aMarx, Karl, _d1818-1883 _978590 |
|
| 245 | 1 | 0 |
_aPáginas escogidad de Marx para una ética socialista... / _cMaximilien Rubel; [traducción de Marta Roizman]. |
| 260 |
_aBuenos Aires : _bAmorrortu, _c1974. |
||
| 300 |
_a2 v. ; _c20 cm. |
||
| 700 | 1 |
_aRubel, Maximilien. _9100287 |
|
| 700 | 1 |
_aRojzman, Marta. _999117 |
|
| 852 |
_aES-MaACL _jE-6377-8 _bR.90370 |
||
| 999 |
_c100379 _d100379 |
||